000 00377nam a2200169Ia 4500
001 3347
003 IN-NITTTR
005 20251114232947.0
008 251113s9999||||xx |||||||||||||| ||eng||
040 _beng
040 _cIN-NITTTR
041 _aeng
082 _a152 H655P
100 _aHochberg, Julian E.
245 0 _aPerception /
_cHochberg, Julian E.
942 _2ddc
_cBK
999 _c5674
_d5674